Your health today choices in a changing society

Your mind and body; Your lifestyle and health; Your health at risk; Your relationships and sexuality; Protecting your health; Challenges to your health.

Сохранить в:
Библиографические подробности
Главный автор: Teague, Michael L. 1946-
Другие авторы: Mackenzie, Sara L. C., Rosenthal, David M.
Формат:
Язык:English
Опубликовано: New York, NY McGraw Hill 2009
Редактирование:2nd ed.
Предметы:
Метки: Добавить метку
Нет меток, Требуется 1-ая метка записи!
Thư viện lưu trữ: Mạng thư viện Đại học Đà Nẵng
LEADER 01549nam a2200385 4500
001 000018569
003 15001
005 20131204161253.0
008 131125s2009 engsd
020 |a 9780077228583  |a 0077228588 
041 0 |a eng 
082 0 0 |a 613  |b TE-M 
100 1 |a Teague, Michael L.  |d 1946- 
245 1 0 |a Your health today  |b choices in a changing society  |c Michael L. Teague, University of Iowa, Sara L.C. MacKenzie, University of Washington, David M. Rosenthal, Lower East Side Harm Reduction Center. 
250 |a 2nd ed. 
260 |a New York, NY  |b McGraw Hill  |c 2009 
300 |a xxv, 554, 15, 2, 16 pages  |b col. ill.  |c 28 cm. 
504 |a Includes bibliographical references (pages R1-R15) and index. 
520 3 |a Your mind and body; Your lifestyle and health; Your health at risk; Your relationships and sexuality; Protecting your health; Challenges to your health. 
650 0 |a Health education 
650 0 |a Health promotion. 
653 |a Y học 
653 |a Giáo dục sức khỏe 
700 1 |a Mackenzie, Sara L. C. 
700 1 |a Rosenthal, David M. 
OWN |a LSP 
AVA |a UDN50  |b LSP  |d 613 TE-M  |e available  |t Error 5001 Not defined in file expand_doc_bib_avail.  |f 2  |g 0  |h N  |i 0  |k 1 
999 |a From the UDN01 
AVA |a UDN50  |b LSP  |d 613 TE-M  |e available  |t Error 5001 Not defined in file expand_doc_bib_avail.  |f 2  |g 0  |h N  |i 0  |k 1 
TYP |a Monograph 
TYP |a Printed language 
980 |a Mạng thư viện Đại học Đà Nẵng